Political culture: (Record no. 22792)
[ view plain ]
| 000 -LEADER | |
|---|---|
| fixed length control field | 00665nam a2200181Ia 4500 |
| 008 - FIXED-LENGTH DATA ELEMENTS--GENERAL INFORMATION | |
| fixed length control field | 081213s9999 xx 000 0 und d |
| 020 ## - INTERNATIONAL STANDARD BOOK NUMBER | |
| International Standard Book Number | 027585008 |
| 050 ## - LIBRARY OF CONGRESS CALL NUMBER | |
| Classification number | 320.9 |
| Item number | ROS |
| 082 ## - DEWEY DECIMAL CLASSIFICATION NUMBER | |
| Classification number | 320.9 |
| Item number | ROS |
| 100 ## - MAIN ENTRY--PERSONAL NAME | |
| Personal name | Rosenbaum,Walter A. |
| 245 ## - TITLE STATEMENT | |
| Title | Political culture: |
| Remainder of title | Basic concepts in political science. |
| 260 ## - PUBLICATION, DISTRIBUTION, ETC. (IMPRINT) | |
| Date of publication, distribution, etc | 1975 |
| Place of publication, distribution, etc | New York |
| Name of publisher, distributor, etc | Praeger Publisher |
| 300 ## - PHYSICAL DESCRIPTION | |
| Extent | ix,181 p. |
| Other physical details | Include:Index |
| Dimensions | 20 cm. |
| 440 ## - SERIES STATEMENT/ADDED ENTRY--TITLE | |
| Title | Political sociology |
| 440 ## - SERIES STATEMENT/ADDED ENTRY--TITLE | |
| Title | Political psychology |
| 942 ## - ADDED ENTRY ELEMENTS (KOHA) | |
| Item type | Book |
| Source of classification or shelving scheme | Library of Congress Classification |
| Withdrawn status | Lost status | Source of classification or shelving scheme | Damaged status | Not for loan | Collection code | Home library | Current library | Shelving location | Date acquired | Source of acquisition | Total Checkouts | Full call number | Barcode | Date last borrowed | Copy number | Price effective from | Koha item type |
|---|---|---|---|---|---|---|---|---|---|---|---|---|---|---|---|---|---|
| Library of Congress Classification | Non-fiction | Bishop Okullu Memorial Library (Limuru Campus) | Bishop Okullu Memorial Library (Limuru Campus) | General Circulation | 11/03/2010 | purchase | 3 | JA 76 .R65 1975 | 018344 | 29/08/2012 | 1 | 11/03/2010 | Book |